000 00341nam a2200121Ia 4500
008 240731s9999 xx 000 0 und d
022 _a1362-3079
245 0 _aJournal of Experimental & Theoretical Artificial Intelligence
260 _bTaylor & Francis
856 _uhttps://www.tandfonline.com/loi/teta20
942 _2ddc
942 _cTFEJ
999 _c77719
_d77719
945 _a1
_bMadushi Gamage
_c1
_dMadushi Gamage